000 00292nam a22001337a 4500
008 181006b xxu||||| |||| 00| 0 eng d
020 _a9780071779814
041 _aeng
080 _a510
100 _a36
101 _aMAT
245 _aDifferential Equations
_cBronson, R
942 _2udc
_cBK
999 _c48932
_d48932